000 00468nam a2200181Ia 4500
001 12626
003 GE_BSU
008 181216s||||||||xx |||||||||||||| ||und||
040 _cGE_BSU
100 _aЛевин,А.Б.
245 _aОсновы животноводства
260 _aМосква
260 _bВысшая школа
260 _c1977
300 _a236стр.21см.илл.
653 _aОсновы животноводства
942 _cBK
999 _c45798
_d45798